000
00329 a2200145 4500
999
_c
12638
_d
12638
003
OSt
005
20240430194537.0
008
240430b ||||| |||| 00| 0 eng d
020
_a
9780415611466
082
_a
307.14
100
_a
Robert K. Home
245
_a
Inner City Regeneration
260
_b
Routledge
_c
2013
942
_2
ddc